书目信息 |
| 题名: |
现代酒店空间设计
|
|
| 作者: | ;产业 编译 ;雷尼 编译 | |
| 分册: | ||
| 出版信息: | 上海 同济大学出版社 2001.12 |
|
| 页数: | 219页 | |
| 开本: | 30cm | |
| 丛书名: | 国外室内空间设计丛书 | |
| 单 册: | ||
| 中图分类: | TU247.3 | |
| 科图分类: | ||
| 主题词: | 饭店--fan dian--室内装饰--空间结构--建筑设计 | |
| 电子资源: | ||
| ISBN: | 7-5608-2362-9 | |
| 000 | 01033nam 2200289 450 | |
| 001 | 012008347442 | |
| 005 | 20080512155930.92 | |
| 010 | @a7-5608-2362-9@dCNY180.00 | |
| 100 | @a20080510d2001 em y0chiy0120 ea | |
| 101 | 0 | @achi |
| 102 | @aCN@b310000 | |
| 105 | @aa z 000yy | |
| 106 | @ar | |
| 200 | 1 | @a现代酒店空间设计@Axian dai jiu dian kong jian she ji@f产业, 雷尼编译@Fchan ye,lei ni bian yi |
| 210 | @a上海@c同济大学出版社@d2001.12 | |
| 215 | @a219页@c彩图@d30cm | |
| 225 | 2 | @a国外室内空间设计丛书@Aguo wai shi nei kong jian she ji cong shu@v5 |
| 312 | @a英文并列题名取自封面 | |
| 330 | @a本书所收集的室内设计作品大多在整体上具有鲜明的现代文明特征,从综合分析的角度上看又具有自己母体文化的追忆。 | |
| 410 | 0 | @12001 @a国外室内空间设计丛书 |
| 510 | 1 | @aSpace design for moderm hotels@zeng |
| 606 | 0 | @a饭店@Afan dian@x室内装饰@x空间结构@x建筑设计 |
| 690 | @aTU247.3@v4 | |
| 711 | 02 | @a产业@Achan ye@4编译 |
| 712 | 02 | @a雷尼@Alei ni@4编译 |
| 801 | 0 | @aCN@bQSSK@c20080512 |
| 905 | @b709844@dTU247.3@eC215@f1 | |
| 现代酒店空间设计/产业, 雷尼编译.-上海:同济大学出版社,2001.12 |
| 219页:彩图;30cm.-(国外室内空间设计丛书;5) |
| ISBN 7-5608-2362-9:CNY180.00 |
| 本书所收集的室内设计作品大多在整体上具有鲜明的现代文明特征,从综合分析的角度上看又具有自己母体文化的追忆。 |
| ● |
| 相关链接 |
|
|
|
正题名:现代酒店空间设计
索取号:TU247.3/C215
 
预约/预借
| 序号 | 登录号 | 条形码 | 馆藏地/架位号 | 状态 | 备注 |
| 1 | 709844 | 207098442 | 建筑库101/101建筑库 69排3列1层/ [索取号:TU247.3/C215] | 在馆 |